Statistics for WWE Match Types

Click here to take the quiz!

General Stats

  • This quiz has been taken 2,418 times
  • The average score is 10 of 27

Answer Stats

HintAnswer% Correct
First to Grab a Hold of the BriefcaseMoney in the Bank Ladder Match
94%
Steel Structured enclosureSteel Cage Match
90%
2 Miles of chain, 4 Chambers, 6 CompetitorsElimination Chamber Match
83%
First to Grab a Hold of the Title BeltLadder Match
81%
30-man Battle RoyalRoyal Rumble Match
78%
Competitor Must Say "I Quit""I QUIT" Match
58%
3 Men Fight Against Each OtherTriple Threat Match
57%
Wrestlers Surround the RingLumberjack Match
48%
Bury your opponentBuried Alive Match
47%
4 Men Fight Against Each OtherFatal Four-Way Match
47%
Only Way to Win is Via SubmissionSubmission Match
46%
Anythin and Everything is LegalExtreme Rules Match
45%
Ring of FireInfero Match
44%
Tables, Ladders & ChairsTLC Match
38%
Only Way to Win is if your Opponent is on the Floor for 10 SecondsLast Man Standing Match
32%
Batista vs The Great Khali Bamboo StructurePunjabi Prison Match
22%
Only Way to Win is by Putting your Opponent Through a TableTable Match
22%
Any Referee is AllowedSpecial Guest Referee Match
20%
Donald Trump vs Vince McMahon'Battle of the Billionaires' Match
15%
You have to Beat the Previous Competitors TimeBeat the Clock Sprint Match
13%
Tournament Structure of MatchesKing of the Ring Match
10%
2 vs 2 but Both Tag Teams are in the RIng at the Same TimeTornado Tag-Team Match
10%
Rusev vs John Cena Extreme Rules 2015Russian Chain Match
9%
A 2 out of 3 Falls Match3 Stages Of Hell Match
5%
Local-Based VariationsBackstage Brawl Match
1%
Non-Elimnation Match For the TitleChampionship Scramble Match
0%
Each Competitor may Decide on a stipulationStipulation Match
0%

Score Distribution

Percentile by Number Answered

Percent of People with Each Score

Your Score History

You have not taken this quiz